=LDR 00000nam 2200000 4500 =001 INLIS000000000030187 =005 20130612132343 =008 ***********************************Ind** =035 ##$$0010-061300000030187 =041 ##$$a Ind =082 ##$$a R.340.2 =090 ##$$a R.340.2, Jaj h =100 ##$$a Jajaatmadja, Bambang Iriana =245 ##$$a Harmonisasi hukum pengelolaan sumber daya kelautan dalam kerangka desentralisasi, Bambang Iriani Djajaatmadja =260 ##$$a 2007 $b Jakarta =300 ##$$a xii, 149 hlm, 21 cm =650 ##$$a Hukum-Bunga Ramapai =850 ##$$a NBPNMAT